Jedno państwo na każdą literę alfabetu - Statystyki

Ogólne statystyki
  • Ten quiz został rozwiązany 38 razy
  • Średni wynik to 9 z 22
Statystyki odpowiedzi
Hint Odpowiedź % Poprawnych
D Dania
62%
O Oman
59%
P Polska
59%
A Argentyna
55%
F Francja
55%
B Brazylia
52%
G Grecja
52%
C Chorwacja
45%
L Litwa
45%
S Szwecja
45%
T Turcja
45%
Z Zambia
45%
H Honduras
41%
R Rumunia
41%
J Japonia
38%
U Ukraina
38%
I Indie
34%
E Egipt
31%
N Norwegia
31%
W Wietnam
24%
M Meksyk
17%
K Kuba
14%
Nie znaleziono quizów pasujących do podanych kryteriów
Rozkład punktacji
Procent ludzi z każdym wynikiem
Percentyl według liczby udzielonych odpowiedzi
Twoja historia wyników
Nie rozwiązałeś tego quizu